000 00934nam a2200253Ia 4500
003 OSt
005 20220923212559.0
006 a|||||r|||| 00| 0
007 ta
008 220922b |||||||| |||| 00| 0 hin d
024 _a154,178
037 _cTextual
040 _aARTS
_cARTS
_bhin
041 _2hin
_ahin
082 _aO152,6M83:g, M6
100 _aशर्मा, महेन्द्रपाल
245 0 _aआर्चाय रामचन्द्रशुक्ल की इतिहास दृष्टि
246 _aĀrchāya rāmachandrashukla kī itihās dṛuṣhṭi
260 _aदिल्ली
_b राधाकृष्ण प्रकाशन
_c1986
300 _a204 पृ.
_ccm.
650 _aहिन्दी साहित्य
_9156264
942 _hO152,6M83:g, M6
_cTEXL
_2CC
999 _c309806
_d309806